| 000 | 00522nam a2200181Ia 4500 | ||
|---|---|---|---|
| 999 |
_c37150 _d37150 |
||
| 003 | OSt | ||
| 005 | 20200730102610.0 | ||
| 008 | 190216s9999||||xx |||||||||||||| ||und|| | ||
| 020 | _a9780387901381 | ||
| 040 | _coclc | ||
| 082 |
_a517.52 _bHEW/R |
||
| 100 |
_a Hewitt, Edwin _93863 |
||
| 245 | 0 |
_aReal And Abstract Analysis / _cEdwin Hewitt ; Karl Stromberg |
|
| 260 |
_bSpringer, _c2015. _aNew York: |
||
| 300 | _a478p | ||
| 650 | _aMathematics | ||
| 942 |
_cREF _2ddc _h517.52 _iHEW/R _k517.52 _mHEW/R |
||